Cities Along I-70 Quiz Stats

 Plays Quiz not verified by Sporcle

Challenge
Share
Tweet
Score 0/6 Timer 02:00
0 Plays Today
% Correct
Denver/Aurora
98.9%
Kansas City/Overland Park
97.9%
Columbus
97.9%
St. Louis
96.8%
Indianapolis
96.8%
Baltimore
94.7%

You're not logged in!

Compare scores with friends on all Sporcle quizzes.
Join for Free
OR
Log In

You Might Also Like...

Show Comments

Extras

Top Quizzes Today


Score Distribution

Your Account Isn't Verified!

In order to create a playlist on Sporcle, you need to verify the email address you used during registration. Go to your Sporcle Settings to finish the process.

Report this User

Report this user for behavior that violates our Community Guidelines.

Details: